00421nam a22001217a 4500003000400000008004100004020001800045100002800063245013600091260003700227300001000264650002500274OSt250212b |||||||| |||| 00| 0 eng d a9788197818479 aCHAUDHARY, Richa et al. aSmart Ecosystems: Integrating Game Theory, soft Computing, IOT and Social Networking Data Mining for intelligence Decision Making  aNew Delhi,bNaples India:c2024. a312p. aFaculty Publication